000 00597nam a2200229Ia 4500
003 OSt
005 20221005122231.0
006 a|||||r|||| 00| 0
007 ta
008 221004b |||||||| |||| 00| 0 san d
024 _a50531
037 _cTextual
040 _aCRL
_cCRL
_bsan
041 _2san
_asan
082 _aQ1:24x, 15H2 close sec
100 _aGopalananda Swami
_9631685
245 0 _aIsadi Dasopanisad Bhasya
260 _c1942
650 _aRELIGION
942 _hQ1:24x, 15H2 close sec
_cTEXL
_2cc
999 _c1043692
_d1043692